Vista normal
Vista MARC
Entrada Título Uniforme
Número de registros utilizados en: 10
001 - NÚMERO DE CONTROL
- Campo de control: 36272
003 - IDENTIFICADOR DE NÚMERO DE CONTROL
- Campo de control: ES-MaCES
005 - FECHA Y HORA DE LA ULTIMA MODIFICACION
- Campo de control: 20160404114352.0
008 - ELEMENTOS DE DATOS DE LONGITUD FIJA
- Campo de longitud fija: 151202|| azz||aabn | a|a d
040 ## - FUENTE DE LA CATALOGACIÓN
- Agencia original de catalogación: ES-MaCES
130 04 - ENCABEZAMIENTO--TÍTULO UNIFORME
- Título uniforme: TTIP
430 ## - TRAZADO VEÁSE--TÍTULO UNIFORME
- Título uniforme: Transatlantic Trade and Investment Partnership
430 ## - TRAZADO VEÁSE--TÍTULO UNIFORME
- Título uniforme: Asociación Transatlántica para el Comercio y la Inversión
430 ## - TRAZADO VEÁSE--TÍTULO UNIFORME
- Título uniforme: Acuerdo Transatlántico de Comercio e Inversión
430 ## - TRAZADO VEÁSE--TÍTULO UNIFORME
- Título uniforme: ATCI
430 ## - TRAZADO VEÁSE--TÍTULO UNIFORME
- Título uniforme: Transatlantic Free Trade Area
430 ## - TRAZADO VEÁSE--TÍTULO UNIFORME
- Título uniforme: TAFTA
430 ## - TRAZADO VEÁSE--TÍTULO UNIFORME
- Título uniforme: Área de Libre Comercio Trasatlántico
670 ## - FUENTE DE DATOS ENCONTRADOS
- Fuente de citación: El pais (27/10/2015) y Wikipedia
- Información encontrada: Es una propuesta de tratado de libre comercio (TLC) entre la Unión Europea y Estados Unidos. Actualmente se encuentra en negociaciones

